Nursing research : (Record no. 9073)
[ view plain ]
| 000 -LEADER | |
|---|---|
| fixed length control field | 01874nam a2200265 i 4500 |
| 005 - DATE AND TIME OF LATEST TRANSACTION | |
| control field | 20220808113058.0 |
| 006 - FIXED-LENGTH DATA ELEMENTS--ADDITIONAL MATERIAL CHARACTERISTICS | |
| fixed length control field | m|||||o||d|||||||| |
| 007 - PHYSICAL DESCRIPTION FIXED FIELD--GENERAL INFORMATION | |
| fixed length control field | cr ||||||||||| |
| 008 - FIXED-LENGTH DATA ELEMENTS--GENERAL INFORMATION | |
| fixed length control field | 210120s2021 paua ob 0|1 0 eng|d |
| 020 ## - INTERNATIONAL STANDARD BOOK NUMBER | |
| Qualifying information | 9789389859324 |
| 082 00 - DEWEY DECIMAL CLASSIFICATION NUMBER | |
| Classification number | 610.7 POL 2021 |
| 100 1# - MAIN ENTRY--PERSONAL NAME | |
| Personal name | Polit, Denise F., |
| Relator term | author. |
| 245 10 - TITLE STATEMENT | |
| Title | Nursing research : |
| Remainder of title | generating and assessing evidence for nursing practice / |
| Statement of responsibility, etc. | Denise F. Polit, Cheryl Tatano Beck. |
| 246 30 - VARYING FORM OF TITLE | |
| Title proper/short title | Generating and assessing evidence for nursing practice. |
| 250 ## - EDITION STATEMENT | |
| Edition statement | Eleventh edition. |
| 264 #1 - PRODUCTION, PUBLICATION, DISTRIBUTION, MANUFACTURE, AND COPYRIGHT NOTICE | |
| Place of production, publication, distribution, manufacture | Philadelphia : |
| Name of producer, publisher, distributor, manufacturer | Wolters Kluwer, |
| Date of production, publication, distribution, manufacture, or copyright notice | 2021. |
| 300 ## - PHYSICAL DESCRIPTION | |
| Extent | xviii, 839 p : |
| Dimensions | 23 cm. |
| 500 ## - GENERAL NOTE | |
| General note | Previous edition: 2017. |
| 504 ## - BIBLIOGRAPHY, ETC. NOTE | |
| Bibliography, etc. note | Includes bibliographical references and index. |
| 520 ## - SUMMARY, ETC. | |
| Summary, etc. | "Research methodology is a dynamic enterprise. Even after writing 10 editions of this book, we have continued to draw new material and inspiration from ground-breaking advances in research methods and in nurse researchers' use of those methods. It is thrilling to share many of those developments in this new edition. We expect that many of the new methodologic and technological enhancements will be translated into powerful evidence for nursing practice. Four years ago, we considered the 10th edition as a watershed edition of a classic textbook, having added two new chapters. We are persuaded, however, that this 11th edition is even better than the previous one. We have retained many features that made this book a classic textbook and resource, including its focus on research as a support for evidence-based nursing, but have introduced important innovations that we hope will help to shape the future of nursing research."-- |
| Assigning source | Provided by publisher. |
| 650 #0 - SUBJECT ADDED ENTRY--TOPICAL TERM | |
| Topical term or geographic name entry element | Nursing |
| General subdivision | Research |
| -- | Methodology. |
| 700 1# - ADDED ENTRY--PERSONAL NAME | |
| Personal name | Beck, Cheryl Tatano, |
| Relator term | author. |
| 776 08 - ADDITIONAL PHYSICAL FORM ENTRY | |
| Relationship information | Print version : |
| International Standard Book Number | 9781975110642. |
| 942 ## - ADDED ENTRY ELEMENTS (KOHA) | |
| Source of classification or shelving scheme | Dewey Decimal Classification |
| Koha item type | Main |
| Withdrawn status | Lost status | Source of classification or shelving scheme | Damaged status | Not for loan | Collection code | Home library | Current library | Shelving location | Date acquired | Serial Enumeration / chronology | Total Checkouts | Full call number | Barcode | Date last seen | Date last checked out | Price effective from | Koha item type | Total Renewals |
|---|---|---|---|---|---|---|---|---|---|---|---|---|---|---|---|---|---|---|
| Dewey Decimal Classification | Main TEST | RTC Library | RTC Library | Main opac | 08/08/2022 | 16575 | 4 | 610.7 POL 2021 c.1 | 30015576 | 15/05/2025 | 19/02/2025 | 08/08/2022 | Main | |||||
| Dewey Decimal Classification | Main TEST | RTC Library | RTC Library | Main opac | 08/08/2022 | 16573 | 2 | 610.7 POL 2021 c.4 | 30015585 | 13/08/2025 | 06/08/2025 | 08/08/2022 | Main | |||||
| Dewey Decimal Classification | Main TEST | RTC Library | RTC Library | Main opac | 08/08/2022 | 16572 | 2 | 610.7 POL 2021 c.3 | 30015506 | 08/12/2022 | 26/09/2022 | 08/08/2022 | Main | 6 | ||||
| Dewey Decimal Classification | Main TEST | RTC Library | RTC Library | Main opac | 08/08/2022 | 16574 | 3 | 610.7 POL 2021 c.2 | 30015520 | 07/12/2022 | 05/12/2022 | 08/08/2022 | Main | 3 |